Karel Hofman : země a lidé : obrazy z let 1920-1981 : Okresní vlastivědné muzeum Vsetín, 13. září-18. října 1981 /

Hlavní autor: Hofman, Karel, 1906-1998
Další autoři: Trnková, Eva, 1937-, Langer, Miroslav, 1937-
Jazyk: Čeština
Vydáno: Vsetín : Okresní vlastivědné muzeum, 1981
Témata:
Fyzický popis: 15 nečíslovaných stran, obrazové přílohy : ilustrace ; 19 x 21 cm
Knihy
Uloženo v:
LEADER 01861nam a22004812i 4500
001 001547196
003 CZ BrMZK
005 20170419125737.0
007 ta
008 161012s1981 xr af er|||||||||||cze d
015 |a cnb000403608 
035 |a (OCoLC)42178350 
040 |a OSE306  |b cze  |d BOA001  |e rda 
043 |a e-xr--- 
045 |a x0x9 
072 7 |a 75  |x Malířství  |2 Konspekt  |9 21 
072 7 |a 929  |x Biografie  |2 Konspekt  |9 8 
080 |a 929  |2 MRF 
080 |a 75.071.1  |2 MRF 
080 |a 75(437.3)  |2 MRF 
080 |a 75.036/.038  |2 MRF 
080 |a (437.3)  |2 MRF 
080 |a (048.8)  |2 MRF 
100 1 |a Hofman, Karel,  |d 1906-1998  |7 jk01041553  |4 art 
245 1 0 |a Karel Hofman :  |b země a lidé : obrazy z let 1920-1981 : Okresní vlastivědné muzeum Vsetín, 13. září-18. října 1981 /  |c text Eva Trnková ; fotografie Miroslav Langer 
264 1 |a Vsetín :  |b Okresní vlastivědné muzeum,  |c 1981 
300 |a 15 nečíslovaných stran, obrazové přílohy :  |b ilustrace ;  |c 19 x 21 cm 
336 |a text  |b txt  |2 rdacontent 
337 |a bez média  |b n  |2 rdamedia 
338 |a svazek  |b nc  |2 rdacarrier 
600 1 7 |a Hofman, Karel,  |d 1906-1998  |7 jk01041553  |2 czenas 
648 4 |a 1906-1998 
650 0 7 |a české malířství  |7 ph116864  |y 20. století  |2 czenas 
650 0 7 |a moderní malířství  |7 ph122940  |z Česko  |2 czenas 
653 0 |a Česko  |a malířství  |a moderní malířství  |a grafika  |a 20. století  |a Hofman, Karel, 14.9.1906-27.11.1998  |a katalogy výstav 
655 7 |a monografie  |7 fd132842  |2 czenas 
655 7 |a katalogy výstav  |7 fd132536  |2 czenas 
700 1 |a Trnková, Eva,  |d 1937-  |7 jx20031130147  |4 wfw 
700 1 |a Langer, Miroslav,  |d 1937-  |7 mzk2002156925  |4 pht 
910 |a BOA001  |b X-0837.909 
990 |a BK 
991 |b 201609 
996 6 |b 2619180666  |c X-0837.909  |l MZK  |r Sklad / do 24 hodin  |n 0  |w 001582441  |u 000010  |a 1  |e BOA001  |j MZK50  |s P